Normal view
MARC view
Entry Topical Term
001 - CONTROL NUMBER
- control field: 41924
003 - CONTROL NUMBER IDENTIFIER
- control field: OSt
005 - DATE AND TIME OF LATEST TRANSACTION
- control field: 20170130094510.0
008 - FIXED-LENGTH DATA ELEMENTS
- fixed length control field: 170130|| aca||aabn | a|a d
040 ## - CATALOGING SOURCE
- Original cataloging agency: OSt
- Transcribing agency: OSt
600 ## -
- : Ethiopian languages.
670 ## - SOURCE DATA FOUND
- Source citation: Work cat.: (OSt): 41923 Madebo, Getachew Yohannes., Converbs and concessive conjuctions in Baskeet : , 2016.
